[Event "AUTO-MASTER-2730"]
[Site "http://www.queenalice.com/game.php?id=1529475"]
[Date "2018.6.2"]
[Round "1"]
[White "CCapivara"]
[Black "Wickboldt"]
[Result "1-0"]
[WhiteElo "2219"]
[BlackElo "2154"]

1. e4 d5 2. Nf3 dxe4 3. Ng5 Qd5 4. d3 exd3 5. Bxd3 Bf5 6. Bxf5 Qxf5 7. O-O Nd7
8. Nc3 O-O-O 9. Be3 h6 10. Nf3 a6 11. Qe2 Ngf6 12. Rfd1 e6 13. Rd3 g5 14. Rad1
Bd6 15. Nd4 Qe5 16. g3 h5 17. Nc6 bxc6 18. Rxd6 Nb8 19. Rxd8+ Rxd8 20. Rxd8+
Kxd8 21. Qd2+ Nfd7 22. Bxg5+ Kc8 23. Bf4 Qf5 24. Be3 Kb7 25. h4 Ne5 26. Qe2 Ka8
27. f4 Ng4 28. Bc1 f6 29. Kg2 e5 30. Qe4 Qxe4+ 31. Nxe4 f5 32. Ng5 e4 33. Ne6
Kb7 34. Ng7 Nh6 35. Nxh5 c5 36. Ng7 Nc6 37. Be3 Kb6 38. Ne6 Na5 39. Bxc5+ Kc6
40. Be3 Kd6 41. Ng5 Nc6 42. c3 Kd5 43. b3 Ng4 44. Bc1 Ne7 45. Kf1 a5 46. Ke2 c5
47. Nh3 c4 48. Nf2 cxb3 49. axb3 Nf6 50. Nd1 Neg8 51. c4+ Kc5 52. Ba3+ Kb6 53.
Ne3 Nh6 54. Bf8 Nhg8 55. Nxf5 Nh5 56. Ke3 1-0

[Event "AUTO-MASTER-2730"]
[Site "http://www.queenalice.com/game.php?id=1529476"]
[Date "2018.6.2"]
[Round "1"]
[White "Wickboldt"]
[Black "SubRoger"]
[Result "0-1"]
[WhiteElo "2144"]
[BlackElo "2012"]

1. d4 d5 2. Bg5 Nd7 3. Nf3 Ngf6 4. Bxf6 Nxf6 5. e3 g6 6. Nbd2 Bg7 7. c4 e6 8.
cxd5 exd5 9. Bd3 O-O 10. O-O c6 11. Rc1 Bg4 12. Qb3 Qb6 13. h3 Be6 14. Qxb6 axb6
15. a3 Rfe8 16. Be2 Nd7 17. Rc3 b5 18. b4 Nb6 19. Ra1 Na4 20. Rcc1 Bf5 21. Bd1
h6 22. Nh2 Ra7 23. Bg4 Bd3 24. Nb3 Rea8 25. Nc5 Nxc5 26. Rc3 Bc4 27. bxc5 b4 28.
Rcc1 b3 29. Rd1 Rxa3 30. Rxa3 Rxa3 31. Nf1 Bxf1 32. Rxf1 b2 0-1

[Event "AUTO-MASTER-2730"]
[Site "http://www.queenalice.com/game.php?id=1529477"]
[Date "2018.6.2"]
[Round "1"]
[White "SubRoger"]
[Black "Wickboldt"]
[Result "1/2-1/2"]
[WhiteElo "2059"]
[BlackElo "2105"]

1. d4 d5 2. Bf4 Bf5 3. Nf3 Nf6 4. h3 e6 5. e3 Bd6 6. Bxd6 Qxd6 7. Bd3 Bxd3 8.
Qxd3 Nc6 9. c3 O-O 10. Nbd2 a6 11. O-O Ne7 12. c4 c5 13. dxc5 Qxc5 14. cxd5
Nexd5 15. Rfc1 Qe7 16. a3 Rac8 17. Qb3 b5 18. Kf1 Qb7 19. Ke2 Rxc1 20. Rxc1 Rc8
21. Rxc8+ Qxc8 22. Kd1 h6 23. Qc2 Qb7 24. Nb3 Qc7 25. Qxc7 Nxc7 26. Nc5 Kf8 27.
Ke2 Ke7 28. Nd4 Nfd5 29. g3 Nf6 30. Kd3 Nd7 31. Nxd7 Kxd7 32. e4 Kd6 33. f4 e5
34. Nf5+ Ke6 35. Nxg7+ Kf6 36. Nh5+ Kg6 37. g4 exf4 38. Nxf4+ Kg5 39. Ke3 Ne8
40. Kf3 Nd6 41. b3 a5 42. Ng2 a4 43. h4+ Kf6 44. bxa4 bxa4 45. Ne3 Ke5 46. g5 h5
47. Nd5 Nxe4 48. Nb6 Nc3 49. Nc4+ Kf5 50. Ne3+ Kg6 51. Ng2 f6 52. Nf4+ Kf7 53.
gxf6 Kxf6 54. Nxh5+ Kf7 55. Nf4 Nb1 56. Nd5 Nxa3 57. Nc3 Nc4 58. Nxa4 Ne5+ 59.
Kg3 Ng6 60. h5 Kg7 61. Kg4 Kh6 62. Nc5 Nf4 63. Kxf4 Kxh5 64. Kf5 Kh4 65. Ne6
1/2-1/2

[Event "copa america-2"]
[Site "http://www.queenalice.com/game.php?id=1531551"]
[Date "2018.6.17"]
[Round "1"]
[White "Wickboldt"]
[Black "leduar"]
[Result "0-1"]
[WhiteElo "2104"]
[BlackElo "2170"]

1. d4 Nf6 2. Bg5 e6 3. a3 Be7 4. e3 O-O 5. Bxf6 Bxf6 6. Nf3 d6 7. Nbd2 Nc6 8. b4
e5 9. c3 Re8 10. Bb5 exd4 11. O-O dxe3 12. fxe3 Rxe3 13. Bxc6 bxc6 14. Qb3 Rxc3
15. Qa2 Be6 16. Qb1 Re3 17. Qc1 Bxa1 18. Qxa1 Bd5 19. Nd4 Qg5 20. N4f3 Qe7 21.
Nd4 Rd3 22. Nf5 Qg5 23. Rf2 Rxd2 24. Rxd2 Qxf5 25. Qe1 Be6 26. Rf2 Qg6 27. Qc3
Bd5 28. Qe1 Kf8 0-1

[Event "AUTO-OPEN-3926"]
[Site "http://www.queenalice.com/game.php?id=1550331"]
[Date "2018.11.23"]
[Round "2"]
[White "Wickboldt"]
[Black "Sixpack_is_impossible"]
[Result "1-0"]
[WhiteElo "2111"]
[BlackElo "1883"]

1. d4 e6 2. Nf3 c5 3. Bg5 f6 4. Bh4 d5 5. c3 Bd7 6. e3 c4 7. Be2 Ne7 8. O-O Ng6
9. Bg3 Be7 10. Nbd2 O-O 11. e4 Bc6 12. exd5 Bxd5 13. Bxc4 Bxc4 14. Nxc4 Nd7 15.
Re1 Qc8 16. Ncd2 Qc6 17. Qb3 Qb6 18. Qxe6+ Qxe6 19. Rxe6 Rae8 20. Rae1 Rf7 21.
Bd6 1-0

[Event "AUTO-OPEN-3926"]
[Site "http://www.queenalice.com/game.php?id=1550332"]
[Date "2018.11.23"]
[Round "2"]
[White "Sixpack_is_impossible"]
[Black "Wickboldt"]
[Result "0-1"]
[WhiteElo "1891"]
[BlackElo "2096"]

1. e4 d5 2. Nc3 dxe4 3. Nxe4 Bf5 4. Ng3 Bg6 5. Qf3 c6 6. Nh3 Nf6 7. d3 e6 8. Bg5
Nbd7 9. O-O-O Be7 10. Qf4 Nd5 11. Qh4 Bxg5+ 12. Nxg5 Qa5 13. a3 O-O 14. Be2 b5
15. Bh5 Bxh5 16. Nxh5 h6 17. Ne4 b4 18. Nd6 bxa3 19. Nc4 a2 20. Nxg7 a1=Q# 0-1

[Event "copa america-2"]
[Site "http://www.queenalice.com/game.php?id=1550704"]
[Date "2018.11.26"]
[Round "2"]
[White "Esvir"]
[Black "Wickboldt"]
[Result "0-1"]
[WhiteElo "1964"]
[BlackElo "2103"]

1. d4 c6 2. Nf3 d5 3. c4 a6 4. e3 Bg4 5. h3 Bxf3 6. Qxf3 Nf6 7. Nc3 e6 8. c5 Be7
9. Bd3 O-O 10. O-O Nbd7 11. e4 dxe4 12. Nxe4 Nxe4 13. Qxe4 Nf6 14. Qh4 h6 15.
Qg3 Qxd4 16. Kh1 Qxc5 17. Be3 Qh5 18. f4 Rfd8 19. Rad1 Rd7 20. Rd2 Rad8 21. Be2
Ne4 0-1

[Event "copa america-2"]
[Site "http://www.queenalice.com/game.php?id=1556474"]
[Date "2019.1.13"]
[Round "3"]
[White "Wickboldt"]
[Black "Diadoco"]
[Result "1/2-1/2"]
[WhiteElo "2118"]
[BlackElo "2263"]

1. d4 d5 2. Bg5 h6 3. Bh4 c6 4. Nf3 Qb6 5. b3 Bf5 6. e3 e6 7. Bd3 Bxd3 8. Qxd3
Ne7 9. Bxe7 Bxe7 10. O-O Nd7 11. c4 Bf6 12. cxd5 cxd5 13. Nbd2 O-O 14. Rac1 Rac8
15. Qb1 g6 16. Rxc8 Rxc8 17. Rc1 Rxc1+ 18. Qxc1 Qc6 19. Qxc6 bxc6 20. Nb1 c5 21.
dxc5 Nxc5 22. Ne1 a5 23. Na3 Ne4 24. Nb5 g5 25. Kf1 Nc3 26. Nxc3 Bxc3 27. Ke2
Kf8 28. Nc2 Ke7 29. Kd3 Be5 30. h3 Kd6 31. e4 f5 32. exf5 exf5 33. Ne3 Ke6 34.
g4 fxg4 35. hxg4 Bf6 36. Nc2 Ke5 37. Ke3 Be7 38. f3 Bc5+ 39. Ke2 Bb6 1/2-1/2

[Event "AUTO-MASTER-2805"]
[Site "http://www.queenalice.com/game.php?id=1556810"]
[Date "2019.1.15"]
[Round "1"]
[White "mandaragit"]
[Black "Wickboldt"]
[Result "1-0"]
[WhiteElo "2196"]
[BlackElo "2127"]

1. d4 c6 2. Nf3 d5 3. c4 Bg4 4. Ne5 Nf6 5. Qb3 Qc7 6. h3 Bf5 7. Bf4 Qb6 8. Nc3
Qxb3 9. axb3 Bc2 10. b4 dxc4 11. Nxc4 h6 12. Nb6 Nbd7 13. Nxa8 a6 14. e3 e6 15.
Nc7+ Kd8 16. Nxa6 bxa6 17. Bxa6 Nb6 18. Kd2 Bb3 19. f3 Bxb4 20. Bd3 Ke7 21. Ra7+
Nfd7 22. Ke2 f6 23. e4 g5 24. Be3 Rd8 25. h4 Nc4 26. Bxc4 Bxc4+ 27. Kf2 Rb8 28.
hxg5 fxg5 29. Rxh6 1-0

[Event "AUTO-MASTER-2805"]
[Site "http://www.queenalice.com/game.php?id=1556811"]
[Date "2019.1.15"]
[Round "1"]
[White "Wickboldt"]
[Black "mandaragit"]
[Result "0-1"]
[WhiteElo "2128"]
[BlackElo "2209"]

1. d4 Nf6 2. Bg5 e6 3. Nf3 h6 4. Bxf6 Qxf6 5. Nbd2 d5 6. e3 c5 7. Bb5+ Bd7 8.
Bxd7+ Nxd7 9. c3 Bd6 10. dxc5 Nxc5 11. O-O O-O 12. Nb3 Rfd8 13. Nxc5 Bxc5 14.
Nd4 e5 15. Ne2 Rd6 16. Qb3 Bb6 17. Rad1 Rad8 18. Rd2 R8d7 19. Ng3 Qe6 20. Qc2 g6
21. b4 Rc6 22. Qb3 Rc4 23. Rfd1 Qc6 24. Rc2 d4 25. exd4 exd4 26. Rd3 Rxc3 27.
Rcxc3 dxc3 28. Rxd7 Qxd7 29. Qxc3 Qd1+ 30. Nf1 Qe2 31. Qd2 Bxf2+ 0-1

[Event "AUTO-MASTER-2805"]
[Site "http://www.queenalice.com/game.php?id=1556822"]
[Date "2019.1.15"]
[Round "1"]
[White "MAY2019"]
[Black "Wickboldt"]
[Result "0-1"]
[WhiteElo "1645"]
[BlackElo "2101"]

1. e4 d5 2. exd5 Qxd5 3. Nc3 Qd8 4. Nf3 Bg4 5. Be2 Nf6 6. O-O e6 7. d4 Bxf3 8.
Bxf3 c6 9. Bg5 Nbd7 10. Re1 Be7 11. Qe2 O-O 12. Rad1 Bb4 13. a3 Bxc3 14. bxc3
Qa5 15. Qd2 Qxa3 16. Be4 Qd6 17. Bd3 a5 18. Qe2 a4 19. Qf3 Qd5 20. Qg3 Rfd8 21.
h4 Rdc8 22. Bxf6 Nxf6 23. Re5 Qd6 24. f4 a3 25. Rg5 g6 26. h5 a2 27. Ra1 Qa3 28.
hxg6 fxg6 29. Rxg6+ hxg6 30. Qxg6+ Kf8 31. Qxf6+ Ke8 32. Bg6+ Kd7 33. f5 Qf8 34.
Qxe6+ Kc7 35. Rxa2 Rxa2 36. Qxa2 Kb8 37. Qe6 Qa3 38. Qe3 Ka8 39. f6 Qd6 40. Qe5
Qf8 41. Qa5+ Kb8 0-1

[Event "AUTO-MASTER-2805"]
[Site "http://www.queenalice.com/game.php?id=1556823"]
[Date "2019.1.15"]
[Round "1"]
[White "Wickboldt"]
[Black "MAY2019"]
[Result "1-0"]
[WhiteElo "2099"]
[BlackElo "1647"]

1. d4 Nf6 2. Bg5 Ne4 3. Nf3 Nxg5 4. Nxg5 e6 5. Nf3 d5 6. a3 c5 7. dxc5 Bxc5 8.
e3 O-O 9. Be2 Nc6 10. O-O a6 11. Nbd2 b5 12. Nb3 Be7 13. c3 Bb7 14. Nbd4 Bf6 15.
Bd3 Na5 16. Qe1 Nc4 17. Bxc4 dxc4 18. Rd1 Qc7 19. Qe2 h6 20. Rd2 Rfd8 21. Rfd1
Be4 22. Ne1 Bg6 23. Ndf3 Rxd2 24. Rxd2 Rd8 25. Qd1 Rxd2 26. Qxd2 Kf8 27. Qd1 Ke7
28. Kf1 Qd6 29. Qxd6+ Kxd6 30. Ke2 Kc5 31. Kd2 a5 32. Nc2 e5 33. Nfe1 Be7 34. f3
f5 35. f4 exf4 36. exf4 Bd6 37. g3 Bf7 38. Nd4 g6 39. Nef3 b4 40. axb4+ axb4 41.
cxb4+ Kxb4 42. Kc2 Bd5 43. Nh4 1-0

[Event "AUTO-MASTER-2805"]
[Site "http://www.queenalice.com/game.php?id=1556828"]
[Date "2019.1.15"]
[Round "1"]
[White "Donyelko"]
[Black "Wickboldt"]
[Result "0-1"]
[WhiteElo "2097"]
[BlackElo "2116"]

1. e4 d5 2. exd5 Qxd5 3. Nc3 Qd8 4. Nf3 Bg4 5. Be2 c6 6. Ne5 Bxe2 7. Qxe2 Nf6 8.
O-O e6 9. Re1 Bd6 10. Nxf7 Kxf7 11. Qxe6+ Kf8 12. Ne4 Nxe4 13. Rxe4 Be7 14. d3
Nd7 15. Rf4+ Nf6 16. Bd2 Qd6 17. Qb3 b6 18. Re1 Re8 19. Rf5 Bd8 20. g3 Rxe1+ 21.
Bxe1 Ke7 22. Rf3 Kd7 23. Bb4 Qd5 24. Qxd5+ Nxd5 25. Bd2 Re8 26. Kf1 Ke7 27. c4
Nf6 28. Bc3 Rf8 29. b4 Ng4 30. Kg2 Rxf3 31. Kxf3 Nf6 32. a4 Ke6 33. d4 g6 34. g4
Nd7 35. c5 Bf6 36. Ke4 bxc5 37. b5 cxb5 38. axb5 Kd6 39. dxc5+ Nxc5+ 0-1

[Event "AUTO-MASTER-2805"]
[Site "http://www.queenalice.com/game.php?id=1556829"]
[Date "2019.1.15"]
[Round "1"]
[White "Wickboldt"]
[Black "Donyelko"]
[Result "1-0"]
[WhiteElo "2117"]
[BlackElo "2072"]

1. d4 e6 2. Nf3 d5 3. Bg5 Be7 4. Bxe7 Nxe7 5. e3 O-O 6. c4 b6 7. cxd5 Nxd5 8. a3
Bb7 9. Bd3 Nd7 10. O-O c5 11. Nbd2 cxd4 12. Nxd4 Nf4 13. exf4 Nc5 14. Bxh7+ Kxh7
15. Qh5+ Kg8 16. N4f3 Qd5 17. Qxd5 Bxd5 18. b4 Nb3 19. Nxb3 Bxb3 20. Rac1 Bd5
21. Nd4 Rac8 22. g3 Rc4 23. Rxc4 Bxc4 24. Rc1 b5 25. Nf3 Rd8 26. Ne5 Rc8 27. Nd7
f6 28. Nc5 Kf7 29. Rd1 Bd5 30. f5 Re8 31. fxe6+ Bxe6 32. Nxe6 Kxe6 33. Re1+ Kd7
34. Rxe8 Kxe8 35. Kg2 Kd7 36. Kf3 Ke6 37. Ke4 Kd6 38. Kf5 Kd5 39. Kg6 Kc4 40.
Kxg7 Kb3 41. h4 Kxa3 42. h5 Kxb4 43. h6 a5 44. h7 a4 45. h8=Q a3 46. Qf8+ Ka4
47. Qxf6 b4 48. Qa6+ Kb3 49. Qd3+ Kb2 50. Qd4+ Kb3 51. Qa1 Kc2 52. Qa2+ Kc3 53.
f4 b3 54. Qxa3 Kc2 55. f5 b2 56. Qxb2+ 1-0

[Event "Challenge"]
[Site "http://www.queenalice.com/game.php?id=1558797"]
[Date "2019.1.30"]
[Round "-"]
[White "Magogue"]
[Black "Wickboldt"]
[Result "0-1"]
[WhiteElo "1272"]
[BlackElo "2107"]

1. e4 d5 2. exd5 Qxd5 3. Nc3 Qd8 4. Nf3 Bg4 5. Be2 e6 6. Ne5 Bxe2 7. Qxe2 c6 8.
Qf3 Nf6 9. d3 Nbd7 10. Nxd7 Qxd7 11. Bg5 Be7 12. O-O-O O-O 13. Bxf6 Bxf6 14. Ne4
Be7 15. Kb1 a5 16. h4 a4 17. Ng5 a3 18. Qe4 f5 19. Qxe6+ Qxe6 20. Nxe6 Rf6 21.
Nf4 axb2 22. Kxb2 Bd6 23. Nh5 Re6 24. Ng3 Bxg3 25. fxg3 Rg6 26. Rde1 Rxg3 0-1

[Event "Challenge"]
[Site "http://www.queenalice.com/game.php?id=1558798"]
[Date "2019.1.30"]
[Round "-"]
[White "Wickboldt"]
[Black "Magogue"]
[Result "1-0"]
[WhiteElo "2106"]
[BlackElo "1274"]

1. d4 e6 2. Nf3 b6 3. Bg5 Be7 4. Bxe7 Qxe7 5. e3 Qb4+ 6. Nbd2 Qxb2 7. Bc4 Qb4 8.
O-O Nf6 9. Rb1 Qd6 10. Bb3 Nd5 11. Ne4 Qe7 12. c4 Nb4 13. a3 N4c6 14. Qc1 h6 15.
Ba2 Ba6 16. d5 exd5 17. Ned2 dxc4 18. Nxc4 Bxc4 19. Qxc4 O-O 20. Qd3 Ne5 21.
Nxe5 Qxe5 22. Rb5 c5 23. Bb1 g6 24. Ba2 Kg7 25. f4 Qe7 26. f5 Nc6 27. f6+ 1-0

[Event "AUTO-MASTER-2816"]
[Site "http://www.queenalice.com/game.php?id=1561266"]
[Date "2019.2.17"]
[Round "1"]
[White "EcheKiel"]
[Black "Wickboldt"]
[Result "0-1"]
[WhiteElo "1925"]
[BlackElo "2109"]

1. e4 d5 2. exd5 Qxd5 3. Nc3 Qd8 4. d4 Nf6 5. Bc4 e6 6. Bg5 Be7 7. Bxf6 Bxf6 8.
Nge2 O-O 9. d5 Bxc3+ 10. Nxc3 exd5 11. Bxd5 Re8+ 12. Ne2 c6 13. Bf3 Be6 14. O-O
Nd7 15. b3 Nf6 16. Nd4 Bd5 17. h3 Bxf3 18. Nxf3 Qc7 19. Re1 h6 20. Qd3 Rad8 21.
Rxe8+ Rxe8 22. Re1 Rxe1+ 23. Nxe1 Nd5 24. Qd4 Qa5 25. Qe5 Qd8 26. Nd3 a6 27. g3
Nf6 28. Qf5 Qd7 29. Qxd7 Nxd7 30. f4 f6 31. h4 Kf7 32. f5 Ke7 33. Kf2 Kd6 34. c4
Ne5 35. Nf4 Ke7 36. Ke3 Kf7 37. h5 Ke7 38. Ne6 Kd6 39. Nxg7 Kc5 40. Ne8 Nd7 41.
g4 Kb4 42. Nd6 Ka3 43. Nf7 Kxa2 44. Nxh6 Kxb3 45. Nf7 a5 46. h6 Nf8 47. g5 fxg5
48. Nxg5 a4 49. f6 a3 50. h7 Nxh7 51. Nxh7 a2 52. f7 a1=Q 53. f8=Q Qe1+ 54. Kd4
Qh4+ 55. Kc5 Qh5+ 56. Kd4 Qxh7 57. Qf3+ Ka4 58. Qd1+ Ka5 59. Qg4 Qh8+ 60. Kd3
Qh7+ 61. Kc3 Qh8+ 62. Kb3 Qe5 63. Qg8 Qe3+ 64. Kc2 Kb4 65. Qg4 Qc3+ 66. Kd1 Qxc4
67. Qd7 Qd5+ 68. Qxd5 cxd5 69. Kd2 Kc4 0-1

[Event "AUTO-MASTER-2816"]
[Site "http://www.queenalice.com/game.php?id=1561267"]
[Date "2019.2.17"]
[Round "1"]
[White "Wickboldt"]
[Black "EcheKiel"]
[Result "1-0"]
[WhiteElo "2102"]
[BlackElo "1947"]

1. d4 d5 2. Bg5 f6 3. Bh4 g6 4. Nf3 Bg7 5. e3 Nh6 6. Bd3 Bf5 7. Bxf5 Nxf5 8. Qe2
a6 9. Nbd2 Nc6 10. c4 Nxh4 11. Nxh4 b6 12. cxd5 Qxd5 13. O-O g5 14. Qh5+ Qf7 15.
Qf3 O-O 16. Qxc6 gxh4 17. h3 e6 18. Rac1 Rad8 19. Qxc7 Rd7 20. Qxb6 e5 21. Nf3
Qh5 22. dxe5 fxe5 23. Qxa6 Rdf7 24. Qc4 Kh8 25. Qxh4 Qg6 26. Qg5 Rf6 27. Qxg6
Rxg6 28. Nd2 Rf5 29. Rc8+ Bf8 30. Kh1 Kg7 31. Nf3 Rh6 32. Rd1 Be7 33. Kg1 Rg6
34. Nh2 e4 35. Rc7 Kf8 36. Rd4 Bd6 37. Rxh7 Kg8 38. Rd7 Bxh2+ 39. Kxh2 Rxf2 40.
Rd8+ Kh7 41. R4d7+ Kh6 42. Rh8+ Kg5 43. Rd5+ Kf6 44. Rf8+ Ke6 45. Rxf2 Kxd5 46.
Rc2 Rg7 47. a3 Ra7 48. g4 Rf7 49. b4 Rf1 50. Rc3 Rf3 51. b5 Rf2+ 52. Kg3 Rb2 53.
a4 Ra2 54. b6 Rxa4 55. Rb3 Ra8 56. b7 Rb8 57. g5 Kc6 58. h4 Rxb7 59. Rxb7 Kxb7
60. Kf4 1-0

[Event "AUTO-MASTER-2816"]
[Site "http://www.queenalice.com/game.php?id=1561282"]
[Date "2019.2.17"]
[Round "1"]
[White "Wickboldt"]
[Black "cerenzo72"]
[Result "0-1"]
[WhiteElo "2108"]
[BlackElo "2220"]

1. d4 Nf6 2. Bg5 g6 3. Qd2 Ne4 4. Qe3 Nxg5 5. Qxg5 Bg7 6. Nf3 b6 7. Qc1 Bb7 8.
Nbd2 O-O 9. e3 d6 10. Be2 e5 11. dxe5 dxe5 12. Bd3 Nd7 13. c3 Nc5 14. Bc2 Qe7
15. O-O Rad8 16. Rd1 Rd7 17. b4 Ne6 18. Be4 c6 19. Nc4 Nc7 20. Rxd7 Qxd7 21.
Ncxe5 Bxe5 22. Nxe5 Qe6 23. f4 f6 24. Bxc6 Bxc6 25. Nxc6 Qxc6 26. Qd2 Ne6 27.
Re1 Rd8 28. Qb2 Rd3 29. c4 Ng7 30. Qc2 Rd7 31. a3 Nf5 32. g3 Qf3 33. Qb3 Rd2 34.
c5+ Kg7 0-1

[Event "AUTO-MASTER-2816"]
[Site "http://www.queenalice.com/game.php?id=1561283"]
[Date "2019.2.17"]
[Round "1"]
[White "cerenzo72"]
[Black "Wickboldt"]
[Result "1-0"]
[WhiteElo "2261"]
[BlackElo "2114"]

1. c4 c6 2. e4 d5 3. exd5 cxd5 4. d4 dxc4 5. Bxc4 e6 6. Nf3 Nf6 7. O-O a6 8. d5
Be7 9. dxe6 Qxd1 10. exf7+ Kf8 11. Rxd1 Nc6 12. b3 b5 13. Be2 Kxf7 14. Ng5+ Kf8
15. Bf3 Bb7 16. Bb2 h6 17. Ne6+ Kf7 18. Bd5 Nxd5 19. Rxd5 Kxe6 20. Nc3 Bf6 21.
Re1+ Ne5 22. Rd2 Kf5 23. Ne2 Rhe8 24. Ng3+ Kg6 25. Ree2 Nc6 26. Rd6 Rxe2 27.
Nxe2 Rd8 28. Rxd8 Nxd8 29. Bc1 Ne6 30. g3 Nd4 31. Nf4+ Kf5 32. Be3 Nc2 33. Bc5
Nd4 34. Nh5 Ne6 35. Be3 g6 36. Nxf6 Kxf6 37. Bxh6 Be4 38. a3 Nd8 39. h4 a5 40.
Bg5+ 1-0

[Event "AUTO-MASTER-2816"]
[Site "http://www.queenalice.com/game.php?id=1561284"]
[Date "2019.2.17"]
[Round "1"]
[White "Wickboldt"]
[Black "JailtonMaster"]
[Result "0-1"]
[WhiteElo "2122"]
[BlackElo "1992"]

1. d4 d5 2. Bg5 Nc6 3. a3 Bf5 4. e3 h6 5. Bh4 Qd7 6. Bd3 Bxd3 7. Qxd3 e5 8. dxe5
Nxe5 9. Qe2 Be7 10. Bxe7 Nxe7 11. Nd2 O-O 12. Ngf3 Nxf3+ 13. Nxf3 c5 14. O-O Nc6
15. Rad1 Rfe8 16. Qd2 Rad8 17. Qc3 Qe7 18. Rd2 Rd7 19. Rfd1 d4 20. exd4 Nxd4 21.
g3 Nxf3+ 22. Qxf3 Rxd2 0-1

[Event "AUTO-MASTER-2816"]
[Site "http://www.queenalice.com/game.php?id=1561285"]
[Date "2019.2.17"]
[Round "1"]
[White "JailtonMaster"]
[Black "Wickboldt"]
[Result "0-1"]
[WhiteElo "2097"]
[BlackElo "2102"]

1. d4 c6 2. c4 d5 3. e3 a6 4. Nf3 Bg4 5. Be2 e6 6. O-O dxc4 7. Bxc4 Nf6 8. Nc3
Be7 9. h3 Bxf3 10. Qxf3 O-O 11. b3 Nbd7 12. Bb2 Nb6 13. Bd3 Bd6 14. e4 Bc7 15.
e5 Nfd5 16. Qe4 g6 17. f4 Nxc3 18. Bxc3 Nd5 19. Bb2 Bb6 20. Kh2 Nb4 21. Bc4 Qe7
22. a3 Nd5 23. a4 Rfd8 24. Ba3 Qd7 25. Bb2 Ne7 26. Rad1 Nf5 27. Rd3 Bxd4 28.
Rfd1 c5 29. b4 b6 30. bxc5 bxc5 31. Rb3 Qxa4 32. Bxe6 fxe6 33. Rbd3 Bg1+ 34.
Kxg1 Qxe4 35. Rxd8+ Rxd8 0-1